| 000 -LEADER |
| fixed length control field |
02287cam a2200397 i 4500 |
| 001 - CONTROL NUMBER |
| control field |
19104336 |
| 005 - DATE AND TIME OF LATEST TRANSACTION |
| control field |
20240216144937.0 |
| 008 - FIXED-LENGTH DATA ELEMENTS--GENERAL INFORMATION |
| fixed length control field |
160523s2016 enk b 001 0 eng |
| 010 ## - LIBRARY OF CONGRESS CONTROL NUMBER |
| LC control number |
2016942486 |
| 020 ## - INTERNATIONAL STANDARD BOOK NUMBER |
| International Standard Book Number |
9780198727644 (pbk.) |
| 038 ## - RECORD CONTENT LICENSOR |
| Staff Name |
AZHAR |
| 040 ## - CATALOGING SOURCE |
| Original cataloging agency |
DLC |
| Language of cataloging |
eng |
| Description conventions |
rda |
| Transcribing agency |
DLC |
| 042 ## - AUTHENTICATION CODE |
| Authentication code |
pcc |
| 050 00 - LIBRARY OF CONGRESS CALL NUMBER |
| Classification number |
KZ1242.5 |
| Item number |
.D59 2016 |
| 082 ## - DEWEY DECIMAL CLASSIFICATION NUMBER |
| Classification number |
341.0722 |
| Author Mark |
DIX |
| 100 1# - MAIN ENTRY--PERSONAL NAME |
| Personal name |
Dixon, Martin |
| Fuller form of name |
(Martin J.) |
| Relator term |
author. |
| 9 (RLIN) |
120241 |
| 245 10 - TITLE STATEMENT |
| Title |
Cases & materials on International law / |
| Statement of responsibility, etc. |
Martin Dixon, Professor of the Law of Real Property, Univeristy of Cambridge, Fellow of Queen's College, University of Cambridge; Robert McCorquodale, Director, British Institute of International and Comparative Law, Professor of International Law and Human Rights, University of Nottingham; Sarah Williams, Associate Professor, Faculty of Law, University of New South Wales. |
| 246 30 - VARYING FORM OF TITLE |
| Title proper/short title |
International law |
| 246 3# - VARYING FORM OF TITLE |
| Title proper/short title |
Cases & materials on international law |
| 250 ## - EDITION STATEMENT |
| Edition statement |
Sixth edition. |
| 264 #1 - PRODUCTION, PUBLICATION, DISTRIBUTION, MANUFACTURE, AND COPYRIGHT NOTICE |
| Place of production, publication, distribution, manufacture |
Oxford, United Kingdom ; |
| Name of producer, publisher, distributor, manufacturer |
Oxford University Press, |
| Date of production, publication, distribution, manufacture, or copyright notice |
2016. |
| 300 ## - PHYSICAL DESCRIPTION |
| Extent |
lxi, 731 pages ; |
| Dimensions |
25 cm |
| 336 ## - CONTENT TYPE |
| Content type term |
text |
| Content type code |
txt |
| Source |
rdacontent |
| 337 ## - MEDIA TYPE |
| Media type term |
unmediated |
| Media type code |
n |
| Source |
rdamedia |
| 338 ## - CARRIER TYPE |
| Carrier type term |
volume |
| Carrier type code |
nc |
| Source |
rdacarrier |
| 504 ## - BIBLIOGRAPHY, ETC. NOTE |
| Bibliography, etc. note |
Includes bibliographical references and index. |
| 505 0# - FORMATTED CONTENTS NOTE |
| Formatted contents note |
The nature of the International legal system -- Sources of International law -- The law of treaties -- International law and domestic law -- Personality and recognition -- International human rights law -- Sovereignty over territory -- Jurisdictional sovereignty -- Immunities from national juristiction -- Law of the sea -- State responnsibility -- International environmental law -- International economic law -- International criminal law -- The use of force, collective security and peacekeeping -- Peaceful stettlement of International disputes. |
| 650 #0 - SUBJECT ADDED ENTRY--TOPICAL TERM |
| Topical term or geographic name entry element |
International law |
| Form subdivision |
Cases. |
| 9 (RLIN) |
120242 |
| 700 1# - ADDED ENTRY--PERSONAL NAME |
| Personal name |
McCorquodale, Robert, |
| Relator term |
author. |
| 9 (RLIN) |
120243 |
| 700 1# - ADDED ENTRY--PERSONAL NAME |
| Personal name |
Williams, Sarah, |
| Dates associated with a name |
1974 January 4- |
| Relator term |
author. |
| 9 (RLIN) |
120244 |
| 700 1# - ADDED ENTRY--PERSONAL NAME |
| Personal name |
McCorquodale, Robert. |
| Title of a work |
Cases and materials on international law. |
| 9 (RLIN) |
120245 |
| 906 ## - LOCAL DATA ELEMENT F, LDF (RLIN) |
| a |
7 |
| b |
cbc |
| c |
origcop |
| d |
2 |
| e |
epcn |
| f |
20 |
| g |
y-gencatlg |
| 942 ## - ADDED ENTRY ELEMENTS (KOHA) |
| Source of classification or shelving scheme |
|
| Koha item type |
Book |